Essentials of software engineering / (Record no. 23407)
[ view plain ]
| 000 -LEADER | |
|---|---|
| fixed length control field | 01149cam a22003135a 4500 |
| 001 - CONTROL NUMBER | |
| control field | 11785911 |
| 005 - DATE AND TIME OF LATEST TRANSACTION | |
| control field | 20161201114036.0 |
| 008 - FIXED-LENGTH DATA ELEMENTS--GENERAL INFORMATION | |
| fixed length control field | 131017t2014 maua frbd 001 0 eng d |
| 020 ## - INTERNATIONAL STANDARD BOOK NUMBER | |
| Cancelled/invalid ISBN | 9781449691998 |
| 040 ## - CATALOGING SOURCE | |
| Original cataloging agency | CtWfDGI |
| Language of cataloging | eng |
| Transcribing agency | CtWfDGI |
| Modifying agency | EG-ScBUE |
| 082 04 - DEWEY DECIMAL CLASSIFICATION NUMBER | |
| Classification number | 005.1 |
| Edition number | 22 |
| Item number | TSU |
| 100 1# - MAIN ENTRY--PERSONAL NAME | |
| Personal name | Tsui, Frank F. |
| 245 10 - TITLE STATEMENT | |
| Title | Essentials of software engineering / |
| Statement of responsibility, etc | Frank Tsui, Orlando Karam, Barbara Bernal. |
| 250 ## - EDITION STATEMENT | |
| Edition statement | 3rd ed. |
| 260 ## - PUBLICATION, DISTRIBUTION, ETC. (IMPRINT) | |
| Place of publication, distribution, etc | Burlington : |
| Name of publisher, distributor, etc | Jones & Bartlett Learning, |
| Date of publication, distribution, etc | c.2014 |
| Place of manufacture | (Norwood, Mass. : |
| Manufacturer | Books24x7.com [generator]) |
| 300 ## - PHYSICAL DESCRIPTION | |
| Extent | xvii, 327 p. : |
| Other physical details | ill. ; |
| Dimensions | 24 cm. |
| 500 ## - GENERAL NOTE | |
| General note | Glossary : p. 317-319. |
| 504 ## - BIBLIOGRAPHY, ETC. NOTE | |
| Bibliography, etc | Includes bibliographical references and index. |
| 538 ## - SYSTEM DETAILS NOTE | |
| System details note | Mode of access: Internet via World Wide Web. |
| 550 ## - ISSUING BODY NOTE | |
| Issuing body note | Digitized and made available by: Books24x7.com. |
| 590 ## - LOCAL NOTE (RLIN) | |
| Local note | Access is available to the Yale community. |
| 590 ## - LOCAL NOTE (RLIN) | |
| Local note | First time users must register for a free personal username and password. |
| 650 #7 - SUBJECT ADDED ENTRY--TOPICAL TERM | |
| Topical term or geographic name as entry element | Software engineering. |
| Source of heading or term | BUEsh |
| 9 (RLIN) | 3832 |
| 651 ## - SUBJECT ADDED ENTRY--GEOGRAPHIC NAME | |
| Source of heading or term | BUEsh |
| 653 ## - INDEX TERM--UNCONTROLLED | |
| Resource For college | Engineering, Electrical |
| Arrived date list | December2016 |
| 700 1# - ADDED ENTRY--PERSONAL NAME | |
| Personal name | Bernal, Barbara. |
| 700 1# - ADDED ENTRY--PERSONAL NAME | |
| Personal name | Karam, Orlando. |
| 942 ## - ADDED ENTRY ELEMENTS (KOHA) | |
| Source of classification or shelving scheme | Dewey Decimal Classification |
| Withdrawn status | Item status | Source of classification or shelving scheme | Damaged status | Not for loan | Vendor | Home library | Current library | Shelving location | Date acquired | Source of acquisition | Cost, normal purchase price | Serial Enumeration / chronology | Total Checkouts | Full call number | Barcode | Date last seen | Cost, replacement price | Koha item type |
|---|---|---|---|---|---|---|---|---|---|---|---|---|---|---|---|---|---|---|
| Dewey Decimal Classification | Baccah | Central Library | Central Library | Lower Floor | 01/12/2016 | Purchase | 527.00 | 3653 | 005.1 TSU | 000040168 | 15/07/2025 | 659.00 | Book - Borrowing |